Applied psychology / (Record no. 165996)

MARC details
000 -LEADER
fixed length control field 00654nam a22001937a 4500
005 - DATE AND TIME OF LATEST TRANSACTION
control field 20190709161200.0
010 ## - LCCN (DPL NO)
LC control number ENG-125868
020 ## - INTERNATIONAL STANDARD BOOK NUMBER
International Standard Book Number 9789386761255
Terms of availability 1495.00
035 ## - SYSTEM CONTROL NUMBER
System control number EN-109400
037 ## - SOURCE OF ACQUISITION
Source of stock number/acquisition DBAD/PUB
082 ## - DEWEY DECIMAL CLASSIFICATION NUMBER
Classification number 158.05
100 ## - MAIN ENTRY--PERSONAL NAME
Personal name Dubey, Sujeet Kumar
245 ## - TITLE STATEMENT
Title Applied psychology /
Statement of responsibility, etc by Sujeet Kumar Dubey
260 ## - PUBLICATION, DISTRIBUTION, ETC. (IMPRINT)
Place of publication, distribution, etc New Delhi
Name of publisher, distributor, etc Ane Books
Date of publication, distribution, etc 2017
270 ## - ADDRESS
Address 4821, Parwana Bhawan, 1st Floor, 24 Ansari Road, Daryaganj
City New Delhi
Postal code 110002
Telephone number 011-23276843-44
Electronic mail address kapoor@anebooks.com
300 ## - PHYSICAL DESCRIPTION
Extent vi,280p.
Dimensions 24cm(Hb)
500 ## - GENERAL NOTE
General note Includes bibliographical references and index
942 ## - ADDED ENTRY ELEMENTS (KOHA)
Source of classification or shelving scheme Dewey Decimal Classification
Item type English Books
Classification part 158.05
Call number suffix DUB
Holdings
Withdrawn status Lost status Not for loan Collection code Home library Current library Date acquired Source of acquisition Cost, normal purchase price Full call number Barcode Copy number Cost, replacement price Koha item type
      Non-fiction Patel Nagar Patel Nagar 09/07/2019 DBAD/PUB 1495.00 158.05 DUB EN-109400 1 1495.00 English Books

© Delhi Public Library
Hit Counter
free hit counter